[Event "Brezova op"]
[Site "Brezova pod Bradlom"]
[Date "2010.08.25"]
[Round "5"]
[White "McGovern, Patrick"]
[Black "Moloney, Nicholas"]
[Result "0-1"]
[WhiteElo "1882"]
[BlackElo "2247"]
[PlyCount "94"]
[EventDate "2010.08.22"]
[EventType "swiss"]
[EventRounds "9"]
[EventCountry "SVK"]
[SourceTitle "CBM 138 Extra"]
[Source "ChessBase"]
[SourceDate "2010.10.29"]
[SourceVersion "1"]
[SourceVersionDate "2010.10.29"]
[SourceQuality "1"]

1. e4 e5 2. Bc4 Nf6 3. d4 exd4 4. Nf3 d5 5. exd5 Bb4+ 6. Bd2 Qe7+ 7. Qe2 Bc5 8. Qxe7+ Kxe7 9. 0-0 Rd8 10. Re1+ Kf8 11. Bg5 Bf5 12. c3 dxc3 13. Nxc3 Nbd7 14. a3 Re8 15. h3 Ne4 16. Nxe4 Rxe4 17. Nd2 Rxe1+ 18. Rxe1 Re8 19. Rxe8+ Kxe8 20. Bf4 Bb6 21. Kf1 Nc5 22. Ke2 Na4 23. Bb5+ Bd7 24. Bxd7+ Kxd7 25. Nc4 Bd4 26. Kd3 Bxb2 27. Nxb2 Nxb2+ 28. Kd4 c6 29. f3 b5 30. dxc6+ Kxc6 31. Kc3 Na4+ 32. Kd3 Kd5 33. Bd2 Nb2+ 34. Kc3 Nc4 35. Bc1 a5 36. Kd3 b4 37. axb4 axb4 38. Bf4 Ne5+ 39. Kc2 Ng6 40. Bg3 Kc4 41. h4 h5 42. Bf2 Ne5 43. Bb6 f5 44. Bc7 Nd3 45. Bd6 Ne1+ 46. Kb2 Nxg2 47. Be7 Ne1 0-1

[Event "Brezova op"]
[Site "Brezova pod Bradlom"]
[Date "2010.08.24"]
[Round "3"]
[White "Pastir, Stanislav"]
[Black "Moloney, Nicholas"]
[Result "1-0"]
[WhiteElo "2006"]
[BlackElo "2247"]
[PlyCount "105"]
[EventDate "2010.08.22"]
[EventType "swiss"]
[EventRounds "9"]
[EventCountry "SVK"]
[SourceTitle "CBM 138 Extra"]
[Source "ChessBase"]
[SourceDate "2010.10.29"]
[SourceVersion "1"]
[SourceVersionDate "2010.10.29"]
[SourceQuality "1"]

1. e4 c5 2. Nf3 d6 3. d4 cxd4 4. Nxd4 Nf6 5. Nc3 g6 6. Be3 Bg7 7. f3 0-0 8. Qd2 Nc6 9. Bc4 Bd7 10. 0-0-0 Qa5 11. h4 Ne5 12. Bb3 Rfc8 13. Kb1 Nc4 14. Bxc4 Rxc4 15. Nb3 Qa6 16. h5 Rac8 17. hxg6 fxg6 18. Bd4 Be6 19. g4 b5 20. g5 Nh5 21. Bxg7 Kxg7 22. Nd4 Bd7 23. Nf5+ Bxf5 24. exf5 b4 25. Nd5 Rxc2 26. Qd4+ Kf7 27. fxg6+ hxg6 28. Nxb4 Qc4 29. Nxc2 Qxc2+ 30. Ka1 Qc5 31. Qd5+ Qxd5 32. Rxd5 Rc6 33. Kb1 Nf4 34. Ra5 a6 35. Rc1 Rb6 36. Rc3 Ne6 37. Rca3 Nc7 38. Kc2 e5 39. Rb3 Nb5 40. Kd3 Rc6 41. f4 exf4 42. Rb4 Nc7 43. Rxf4+ Ke7 44. Rc4 Kd7 45. Rxc6 Kxc6 46. Ke4 Kb6 47. Ra3 Kc6 48. Rc3+ Kd7 49. Rf3 Ne6 50. Kd5 Nc7+ 51. Ke4 Ne6 52. Rf6 Nxg5+ 53. Kd5 1-0

[Event "Brezova op"]
[Site "Brezova pod Bradlom"]
[Date "2010.08.23"]
[Round "2"]
[White "Moloney, Nicholas"]
[Black "Jurcik, Marian"]
[Result "0-1"]
[WhiteElo "2247"]
[BlackElo "2484"]
[PlyCount "92"]
[EventDate "2010.08.22"]
[EventType "swiss"]
[EventRounds "9"]
[EventCountry "SVK"]
[SourceTitle "CBM 138 Extra"]
[Source "ChessBase"]
[SourceDate "2010.10.29"]
[SourceVersion "1"]
[SourceVersionDate "2010.10.29"]
[SourceQuality "1"]

1. d4 Nf6 2. Bg5 Ne4 3. Bh4 d5 4. f3 Nd6 5. Nc3 Nf5 6. Bf2 Nc6 7. e3 e6 8. Nge2 Bb4 9. a3 Ba5 10. Qd3 e5 11. Ng3 exd4 12. exd4 Nce7 13. Nh5 0-0 14. g4 Nd6 15. Bg3 c6 16. Bg2 Ng6 17. 0-0 f5 18. h3 Bc7 19. Ne2 Nc4 20. Bxc7 Qxc7 21. b3 Nd6 22. Qd2 Bd7 23. Nhf4 Nxf4 24. Nxf4 Rae8 25. g5 Nf7 26. h4 Qd6 27. Rf2 Nd8 28. Bf1 Ne6 29. Nxe6 Rxe6 30. f4 Rfe8 31. Bg2 Re3 32. Qb4 Qc7 33. Raf1 a5 34. Qd2 R8e7 35. Bf3 Kh8 36. Bd1 b6 37. Rf3 R3e4 38. c3 Qd6 39. b4 Bc8 40. R1f2 Qg6 41. Rh3 Qe8 42. Kg2 Ba6 43. Bf3 Re1 44. Rh1 R1e3 45. Rh3 Be2 46. Bh5 Bxh5 0-1

[Event "Brezova op"]
[Site "Brezova pod Bradlom"]
[Date "2010.08.22"]
[Round "1"]
[White "Paulicka, Ivan"]
[Black "Moloney, Nicholas"]
[Result "0-1"]
[WhiteElo "1816"]
[BlackElo "2247"]
[PlyCount "46"]
[EventDate "2010.08.22"]
[EventType "swiss"]
[EventRounds "9"]
[EventCountry "SVK"]
[SourceTitle "CBM 138 Extra"]
[Source "ChessBase"]
[SourceDate "2010.10.29"]
[SourceVersion "1"]
[SourceVersionDate "2010.10.29"]
[SourceQuality "1"]

1. d4 Nf6 2. c4 e6 3. Nc3 Bb4 4. a3 Bxc3+ 5. bxc3 b6 6. e3 Ba6 7. Bd3 Nc6 8. Nf3 Na5 9. Qa4 0-0 10. 0-0 d5 11. Ne5 Qe8 12. Qxe8 Rfxe8 13. cxd5 Bxd3 14. dxe6 Bc4 15. exf7+ Bxf7 16. Nxf7 Kxf7 17. a4 Nd5 18. Ra3 Nc4 19. Rb3 Re6 20. Re1 Rae8 21. h3 c6 22. Re2 a6 23. Ba3 Na5 0-1